000 00567nam a2200217Ia 4500
003 OSt
005 20220928142103.0
006 a|||||r|||| 00| 0
007 ta
008 220927b |||||||| |||| 00| 0 eng d
024 _a18455
037 _cTextual
040 _aSDCL
_cSDCL
_beng
041 _2eng
_aeng
082 _aW:28:(S), N3
100 _aGautam Padam Nabh
_9502757
245 0 _aSocio-psychological aspects of public administration
260 _c1993
942 _hW:28:(S), N3
_cTEXL
_2CC
999 _c820688
_d820688